Estructura y técnicas de la novela sentimental y caballeresca

Zapisane w:
Opis bibliograficzny
1. autor: Durán, Armando
Format: Książka
Język:Undetermined
Wydane: Madrid, España Editorial Gredos 1973
Hasła przedmiotowe:
Etykiety: Dodaj etykietę
Nie ma etykietki, Dołącz pierwszą etykiete!

MARC

LEADER 00000nam a2200000Ia 4500
008 170316s9999 xx 000 0 und d
040 |a cru BVZT 
090 |a C-862 D-4e 
100 |a Durán, Armando 
245 |a Estructura y técnicas de la novela sentimental y caballeresca 
260 |a Madrid, España 
260 |b Editorial Gredos 
260 |c 1973 
300 |a 179 páginas 
650 |a LITERATURA ESPAÑOLA  |9 23 
650 |a CRÍTICA 
999 |c 28491  |d 28491 
942 |c 15 D  |h C-862 D-4e  |2 z